Wilson and Gisvold's Textbook of Organic Medicinal and Pharmaceutical Chemistry (Record no. 8640)

MARC details
000 -LEADER
fixed length control field 00445nam a22001577a 4500
003 - CONTROL NUMBER IDENTIFIER
control field OSt
008 - FIXED-LENGTH DATA ELEMENTS--GENERAL INFORMATION
fixed length control field 200602b ||||| |||| 00| 0 eng d
020 ## - INTERNATIONAL STANDARD BOOK NUMBER
International Standard Book Number Beale Jr , Johan M
100 ## - MAIN ENTRY--PERSONAL NAME
Personal name John M Beale, John Block
245 ## - TITLE STATEMENT
Title Wilson and Gisvold's Textbook of Organic Medicinal and Pharmaceutical Chemistry
250 ## - EDITION STATEMENT
Edition statement 12th
260 ## - PUBLICATION, DISTRIBUTION, ETC. (IMPRINT)
Place of publication, distribution, etc New Delhi
Name of publisher, distributor, etc Wolters Kluwer
Date of publication, distribution, etc 2019
300 ## - PHYSICAL DESCRIPTION
Extent 1010
650 ## - SUBJECT ADDED ENTRY--TOPICAL TERM
Topical term or geographic name as entry element Medicinal Chemistry
942 ## - ADDED ENTRY ELEMENTS (KOHA)
Source of classification or shelving scheme Dewey Decimal Classification
Koha item type Text Books
Holdings
Withdrawn status Lost status Source of classification or shelving scheme Damaged status Not for loan Collection code Home library Current library Date acquired Source of acquisition Currency Cost, normal purchase price Bill Number Total Checkouts Full call number Acc. no. / Barcode Date last seen Actual Cost, discounted price Bill Date Koha item type Shelving location
    Dewey Decimal Classification     B.Pharma PIET C-LIBRARY PIET C-LIBRARY 08/01/2020 Kirti Praskshan IN Rupees 1950.00 IN5984   547 BEO BP508 02/06/2020 1462.50 08/01/2020 Text Books  
    Dewey Decimal Classification     B.Pharma PIET C-LIBRARY PIET C-LIBRARY 08/01/2020 Kirti Praskshan IN Rupees 1950.00 IN5984   547 BEO BP509 02/06/2020 1462.50 08/01/2020 Reference Books Ref. Sec. R07
    Dewey Decimal Classification     B.Pharma PIET C-LIBRARY PIET C-LIBRARY 08/01/2020 Kirti Praskshan IN Rupees 1950.00 IN5984   547 BEO BP510 02/06/2020 1462.50 08/01/2020 Text Books  
    Dewey Decimal Classification     B.Pharma PIET C-LIBRARY PIET C-LIBRARY 08/01/2020 Kirti Praskshan IN Rupees 1950.00 IN5984   547 BEO BP511 02/06/2020 1462.50 08/01/2020 Text Books  

Design & Developed by: PIET Central Library
R70 Miles Stone Pattikalyana Samalkha Panipat 132102
mail ID :- [email protected], Phone No:- 0180-2569700 Ex.216